00745nam a2200205Ia 450000500170000000800410001702000150005808200190007310000170009210000150010924501010012426000590022530000170028465000130030165000200031494200060033495200950034095200890043599900150052420241218051853.0240331s9999 xx 000 0 und d a9555800634 bMAL25650a305 aDe Alwis , M aHyndman, J 0aCapacity-Building in Conflict ZonesbA Feminist Analysis of Humanitarian Assistance in Sri Lanka aColombobInternational Centre for Ethnic Studiesc2002 axiii, 64 p., aFeminism aHumanitarianism cL 001040708LaWERCLbWERCLcSSCd2024-03-31l0o 305 DEAp5650r2024-03-31w2024-03-31yL 001040708LaWERCLbWERCLd2025-01-06l0oMAL 305p4586r2025-01-06w2025-01-06yL c1406d1406